Statistics for 142 Most Common F Words In English

Click here to take the quiz!

General Stats

  • This quiz has been taken 48 times
  • The average score is 49 of 142

Answer Stats

F% Correct
for
95%
far
93%
fee
91%
free
88%
fan
81%
fat
81%
face
77%
fly
77%
fear
74%
find
74%
fuel
74%
fun
74%
fall
72%
fast
70%
fill
70%
four
70%
fire
67%
five
67%
flow
67%
full
65%
fade
63%
from
63%
fight
60%
fact
58%
fair
58%
feel
58%
fit
58%
friend
58%
form
56%
found
56%
family
53%
farm
53%
fate
53%
fifty
53%
fine
53%
fish
53%
flee
51%
foot
51%
fail
49%
favor
49%
few
49%
first
49%
flower
49%
food
47%
favorite
44%
fix
44%
flame
44%
father
42%
feed
42%
freedom
42%
file
40%
film
40%
funny
40%
finger
37%
flag
37%
flat
37%
flight
37%
follow
37%
force
35%
frame
35%
famous
33%
freeze
33%
fund
33%
feeling
30%
final
30%
finish
30%
floor
30%
forest
30%
forget
30%
farmer
28%
fashion
28%
forth
28%
forward
28%
front
28%
fifth
26%
fabric
23%
factor
23%
faith
23%
female
23%
fence
23%
figure
23%
former
23%
French
23%
fresh
23%
friendly
23%
factory
21%
fighter
21%
finally
21%
fourth
21%
future
21%
fairly
19%
false
19%
fantasy
19%
field
19%
firm
19%
flavor
19%
forever
19%
formal
19%
fruit
19%
failure
16%
fault
16%
federal
16%
fiction
16%
fifteen
16%
finding
16%
foreign
16%
fortune
16%
familiar
14%
fewer
14%
flesh
14%
folk
14%
function
14%
fundamental
14%
funeral
14%
furniture
14%
feature
12%
fellow
12%
financial
12%
fishing
12%
float
12%
following
12%
football
12%
formula
12%
foundation
12%
founder
12%
fully
12%
fiber
9%
focus
9%
formation
9%
friendship
9%
funding
9%
fighting
7%
fitness
7%
frequent
7%
facility
5%
faculty
5%
finance
5%
frequently
5%
framework
2%
frequency
2%
frustration
2%
furthermore
2%

Score Distribution

Percentile by Number Answered

Percent of People with Each Score

Your Score History

You have not taken this quiz